| 000 | 01213nam a22003857a 4500 | ||
|---|---|---|---|
| 001 | BR0805119 | ||
| 003 | BR-BrBNA | ||
| 005 | 20230928102656.0 | ||
| 007 | ta | ||
| 008 | 230509b bl.||||| |||| 00| 0 por d | ||
| 040 |
_aBR-BrBNA _bpor _cBiblioteca Nacional de Agricultura |
||
| 041 | _a(Por) | ||
| 072 | _aP36; E50; E51 | ||
| 090 | _ P36 BR0805119 | ||
| 100 | 1 | _aSantana, M.O.(org.) | |
| 110 | 1 |
_aMinistério do Meio Ambiente, Brasília, DF (Brasil). Secretaria de Recursos Hídricos _97132 |
|
| 110 | 1 |
_aUniversidade Federal da Paraíba, João Pessoa (Brasil) _910761 |
|
| 245 | 1 | _aAtlas das áreas susceptíveis à desertificação do Brasil | |
| 260 | 3 |
_aBrasília, DF (Brasil): _c2007. |
|
| 300 | _a134 p. | ||
| 500 | _aBibliography p. 132-134; 76 illus.; 19 tables | ||
| 650 | _aDESERTIFICAÇÃO | ||
| 650 | _aRECURSO NATURAL | ||
| 650 | _aIMPACTO AMBIENTAL | ||
| 650 | _aMEIO AMBIENTE | ||
| 650 | _aPRODUÇÃO AGRÍCOLA | ||
| 650 | _aPOPULAÇÃO RURAL | ||
| 650 | _aPOPULAÇÃO URBANA | ||
| 650 | _aDESENVOLVIMENTO SÓCIO-ECONÔMICO | ||
| 650 | _aPECUÁRIA | ||
| 650 | _aEXPLORAÇÃO FLORESTAL | ||
| 650 | _aNORDESTE | ||
| 909 |
_a202309 _bLucia _c55 _dLucia Elande |
||
| 942 | _cBK | ||
| 999 |
_c71984 _d71984 |
||